[Event "GBR-ch105 U2050"]
[Site "Hull"]
[Date "2018.07.30"]
[Round "1"]
[White "Lewis, David"]
[Black "Gamble, Raymond J"]
[Result "0-1"]
[WhiteElo "1583"]
[BlackElo "1870"]
[PlyCount "76"]
[EventDate "2018.07.30"]
[EventType "swiss"]
[EventRounds "5"]
[EventCountry "GBR"]
[SourceTitle "EXT 2019"]
[Source "ChessBase"]
[SourceDate "2018.10.10"]
[SourceVersion "1"]
[SourceVersionDate "2018.10.10"]
[SourceQuality "1"]

1. e4 e6 2. d4 d5 3. e5 c5 4. c3 Qb6 5. Nf3 Bd7 6. Be2 Bb5 7. O-O Bxe2 8. Qxe2
Qa6 9. Re1 Qxe2 10. Rxe2 Nc6 11. dxc5 Bxc5 12. b4 Be7 13. Be3 Nh6 14. Na3 a6
15. Nc2 Nf5 16. Bb6 Bd8 17. Bxd8 Rxd8 18. Ncd4 Nfxd4 19. Nxd4 Nxd4 20. cxd4 Rc8
21. Rd2 Kd7 22. f4 Rc4 23. Rb1 Rhc8 24. Kf2 Rc2 25. Ke2 R8c4 26. a3 Rxd2+ 27.
Kxd2 Rxd4+ 28. Ke3 Re4+ 29. Kf3 Rc4 30. Rb3 Kc6 31. g4 g6 32. Ke3 Re4+ 33. Kf3
Kb5 34. Rc3 Rc4 35. Rd3 Rc2 36. h3 Kc4 37. Ke3 Rc3 38. Rxc3+ Kxc3 0-1

[Event "GBR-ch105 U2050"]
[Site "Hull"]
[Date "2018.07.31"]
[Round "2"]
[White "Gamble, Raymond J"]
[Black "Kirby, Andrew"]
[Result "1-0"]
[WhiteElo "1870"]
[BlackElo "1437"]
[PlyCount "73"]
[EventDate "2018.07.30"]
[EventType "swiss"]
[EventRounds "5"]
[EventCountry "GBR"]
[SourceTitle "EXT 2019"]
[Source "ChessBase"]
[SourceDate "2018.10.10"]
[SourceVersion "1"]
[SourceVersionDate "2018.10.10"]
[SourceQuality "1"]

1. d4 f5 2. e4 fxe4 3. Nc3 Nf6 4. Bg5 c6 5. Bxf6 exf6 6. Nxe4 d5 7. Ng3 Be6 8.
Bd3 Nd7 9. c3 Qc7 10. Qc2 Bg8 11. Qe2+ Be7 12. Nf5 Nb6 13. Nxg7+ Kf8 14. Ne6+
Bxe6 15. Qxe6 Re8 16. Ne2 Qd6 17. Qxd6 Bxd6 18. O-O-O Kg7 19. Ng3 Bf4+ 20. Kb1
h5 21. Nf5+ Kf7 22. g3 Bb8 23. Rhe1 Nc8 24. h4 Nd6 25. Nxd6+ Bxd6 26. Kc2 c5
27. Rxe8 Rxe8 28. Bb5 Re7 29. Bf1 cxd4 30. Rxd4 Bc5 31. Rd2 Rc7 32. Kd1 Rd7 33.
Bh3 Rd8 34. Bg2 Ke6 35. Bf3 b6 36. Bxh5 Rd6 37. b4 1-0

[Event "GBR-ch105 U2050"]
[Site "Hull"]
[Date "2018.08.01"]
[Round "3"]
[White "Howell, Christopher I"]
[Black "Gamble, Raymond J"]
[Result "0-1"]
[WhiteElo "1971"]
[BlackElo "1870"]
[PlyCount "132"]
[EventDate "2018.07.30"]
[EventType "swiss"]
[EventRounds "5"]
[EventCountry "GBR"]
[SourceTitle "EXT 2019"]
[Source "ChessBase"]
[SourceDate "2018.10.10"]
[SourceVersion "1"]
[SourceVersionDate "2018.10.10"]
[SourceQuality "1"]

1. e4 e6 2. d4 d5 3. Nd2 Nf6 4. e5 Nfd7 5. Bd3 c5 6. c3 Nc6 7. Ne2 Qb6 8. Nf3
Be7 9. O-O Nf8 10. dxc5 Bxc5 11. b4 Be7 12. Be3 Qc7 13. Re1 Ng6 14. Ned4 O-O
15. Nxc6 bxc6 16. Qc2 Bd7 17. h4 Rfe8 18. h5 Nf8 19. a4 c5 20. b5 c4 21. Bf1
Bc5 22. Bxc5 Qxc5 23. Qd2 Qe7 24. Qd4 Reb8 25. Reb1 Rb6 26. Rb4 Rab8 27. Rab1
Be8 28. Qf4 R6b7 29. Nd4 f5 30. exf6 Qxf6 31. Qxf6 gxf6 32. Be2 Rd8 33. a5 Rd6
34. Bf3 Bd7 35. Rxc4 e5 36. Rc5 exd4 37. Rxd5 Re6 38. Rxd4 Rxb5 39. Rbd1 Re7
40. a6 Rb6 41. Rd6 Rxd6 42. Rxd6 Kg7 43. Bb7 Re1+ 44. Kh2 Re6 45. Rd5 Re5 46.
c4 Rxd5 47. Bxd5 Be6 48. Kg3 Kf7 49. Kf4 Ke7 50. g4 h6 51. Ke4 Bxg4 52. c5 Nd7
53. Kd4 Bxh5 54. c6 Nb6 55. Be4 Kd6 56. Ke3 Be8 57. c7 Kxc7 58. Kf4 Bd7 59. Bg2
Bb5 60. Bb7 Bc6 61. Bxc6 Kxc6 62. Kg4 Kb5 63. Kh5 Kxa6 64. Kxh6 Kb5 65. Kg6 Nd7
66. Kf7 a5 0-1

[Event "GBR-ch105 U2050"]
[Site "Hull"]
[Date "2018.08.02"]
[Round "4"]
[White "Gamble, Raymond J"]
[Black "Clegg, Robert"]
[Result "1/2-1/2"]
[WhiteElo "1870"]
[BlackElo "1822"]
[PlyCount "99"]
[EventDate "2018.07.30"]
[EventType "swiss"]
[EventRounds "5"]
[EventCountry "GBR"]
[SourceTitle "EXT 2019"]
[Source "ChessBase"]
[SourceDate "2018.10.10"]
[SourceVersion "1"]
[SourceVersionDate "2018.10.10"]
[SourceQuality "1"]

1. d4 Nf6 2. Nf3 g6 3. Nbd2 d5 4. e3 Bg7 5. Bd3 O-O 6. O-O b6 7. Qe2 Bb7 8. e4
dxe4 9. Nxe4 Nbd7 10. Nxf6+ Nxf6 11. c3 Re8 12. Bb5 c6 13. Ba6 Bxa6 14. Qxa6
Qd6 15. Qe2 Rad8 16. Bg5 c5 17. dxc5 Qxc5 18. Be3 Qc7 19. Bd4 Rd5 20. Bxf6 Bxf6
21. Rfd1 Red8 22. Rxd5 Rxd5 23. Rd1 Qd7 24. Rxd5 Qxd5 25. a3 Qa2 26. Qd2 Qb1+
27. Ne1 e5 28. Kf1 Kg7 29. Qc2 Qa1 30. Ke2 e4 31. g3 Bg5 32. f4 exf3+ 33. Nxf3
Bc1 34. b3 Bxa3 35. Qd3 Qb2+ 36. Nd2 Be7 37. Kf3 a5 38. c4 Qf6+ 39. Kg2 Bc5 40.
Ne4 Qc6 41. Kh3 Qe6+ 42. Kg2 Qe5 43. Nxc5 Qxc5 44. Qc3+ f6 45. h4 Qe5 46. Qd3
Qe6 47. Kh2 Kf7 48. Qf3 Qd7 49. Qe3 f5 50. Qxb6 1/2-1/2

[Event "GBR-ch105 U2050"]
[Site "Hull"]
[Date "2018.08.03"]
[Round "5"]
[White "Clanchy, Nicholas"]
[Black "Gamble, Raymond J"]
[Result "1-0"]
[WhiteElo "1877"]
[BlackElo "1870"]
[PlyCount "115"]
[EventDate "2018.07.30"]
[EventType "swiss"]
[EventRounds "5"]
[EventCountry "GBR"]
[SourceTitle "EXT 2019"]
[Source "ChessBase"]
[SourceDate "2018.10.10"]
[SourceVersion "1"]
[SourceVersionDate "2018.10.10"]
[SourceQuality "1"]

1. e4 e6 2. d3 d5 3. Nd2 Nf6 4. g3 dxe4 5. dxe4 Nc6 6. Ngf3 e5 7. c3 a6 8. Qe2
Bc5 9. Bg2 O-O 10. O-O Bg4 11. h3 Bd7 12. Nc4 Qe7 13. Nh4 Rfe8 14. b4 Ba7 15.
Be3 Bxe3 16. Nxe3 g6 17. Rad1 Na7 18. Qc2 Be6 19. Nd5 Bxd5 20. exd5 Rad8 21.
Qb3 c6 22. dxc6 Nxc6 23. a4 e4 24. Rfe1 Rxd1 25. Qxd1 Qc7 26. Qb1 e3 27. Qb2
exf2+ 28. Qxf2 Rxe1+ 29. Qxe1 Kg7 30. Nf3 Nh5 31. Kh2 b5 32. axb5 axb5 33. Bf1
Qb6 34. Nd4 Nxd4 35. Qe5+ f6 36. Qxd4 Qb8 37. Qe3 f5 38. Kg2 Qb7+ 39. Kg1 Qb8
40. Kf2 f4 41. Qd4+ Kh6 42. g4 Ng3 43. Bxb5 Nh1+ 44. Kg1 Qxb5 45. Qxf4+ Kg7 46.
Qd4+ Kg8 47. Kxh1 Qf1+ 48. Kh2 Qe2+ 49. Kg3 Qe1+ 50. Kf4 Qf1+ 51. Ke5 Qxh3 52.
b5 Qg3+ 53. Ke6 Qe1+ 54. Kd7 Kf7 55. Qd5+ Kf8 56. Qd6+ Kf7 57. Qf4+ Kg7 58. c4
1-0

[Event "Torquay Paignton Bloodworth op"]
[Site "Torquay"]
[Date "2018.09.02"]
[Round "1"]
[White "Gamble, Raymond J"]
[Black "Smith, David"]
[Result "1/2-1/2"]
[WhiteElo "1784"]
[BlackElo "131"]
[PlyCount "51"]
[EventDate "2018.09.02"]
[EventType "swiss"]
[EventRounds "7"]
[EventCountry "ENG"]
[SourceTitle "BritBase"]
[Source "John Saunders"]
[SourceDate "2023.11.11"]
[SourceVersion "1"]
[SourceVersionDate "2023.11.11"]
[SourceQuality "1"]

1. d4 Nf6 2. Nf3 g6 3. Nbd2 Bg7 4. e4 d6 5. Bc4 O-O 6. O-O c6 7. c3 Nbd7 8. Qe2
e5 9. dxe5 Nxe5 10. Nxe5 dxe5 11. Nf3 Qe7 12. b4 Bg4 13. h3 Bxf3 14. Qxf3 Rad8
15. a4 a6 16. b5 Qc5 17. Be2 Rfe8 18. bxa6 bxa6 19. Bg5 Rd6 20. Bxa6 h6 21.
Bxf6 Rxf6 22. Qe3 Qa5 23. Be2 Rb8 24. Rfd1 Rb3 25. Rd3 Kh7 26. Bd1 1/2-1/2

[Event "Torquay Paignton Bloodworth op"]
[Site "Torquay"]
[Date "2018.09.03"]
[Round "2"]
[White "Collicott, Peter J"]
[Black "Gamble, Raymond J"]
[Result "1/2-1/2"]
[WhiteElo "117"]
[BlackElo "1784"]
[PlyCount "44"]
[EventDate "2018.09.02"]
[EventType "swiss"]
[EventRounds "7"]
[EventCountry "ENG"]
[SourceTitle "BritBase"]
[Source "John Saunders"]
[SourceDate "2023.11.11"]
[SourceVersion "1"]
[SourceVersionDate "2023.11.11"]
[SourceQuality "1"]

1. c4 e5 2. g3 Nc6 3. Nc3 g6 4. Bg2 Bg7 5. e4 Nge7 6. Nge2 O-O 7. O-O Nd4 8. d3
c6 9. Nxd4 exd4 10. Ne2 d6 11. Bg5 h6 12. Bf4 Kh7 13. b4 Be6 14. Rc1 Qd7 15. a3
Rad8 16. c5 d5 17. Bd6 Rfe8 18. e5 Nf5 19. Nf4 Nxd6 20. Nxe6 Qxe6 21. exd6 Qe2
22. Bf3 Qe5 1/2-1/2

[Event "Paignton Morning Boniface op"]
[Site "Torquay"]
[Date "2018.09.04"]
[Round "2"]
[White "Gamble, Raymond J"]
[Black "Sanders, Robert R"]
[Result "0-1"]
[WhiteElo "1876"]
[BlackElo "1937"]
[PlyCount "82"]
[EventDate "2018.09.03"]
[EventType "swiss"]
[EventRounds "5"]
[EventCountry "ENG"]
[SourceTitle "BritBase"]
[Source "John Saunders"]
[SourceDate "2023.11.11"]
[SourceVersion "1"]
[SourceVersionDate "2023.11.11"]
[SourceQuality "1"]

1. d4 d5 2. Nf3 Nf6 3. e3 Bg4 4. Be2 e6 5. b3 Bd6 6. Bb2 Nbd7 7. Nbd2 c5 8. h3
Bxf3 9. Nxf3 Qc7 10. a3 O-O 11. O-O Rac8 12. c4 dxc4 13. Bxc4 Rfd8 14. Qe2 a6
15. a4 cxd4 16. Nxd4 e5 17. Nf5 Bb4 18. Rac1 Qa5 19. Rfd1 Nb6 20. Rxd8+ Rxd8
21. Rd1 Rxd1+ 22. Qxd1 Nxc4 23. bxc4 Qc7 24. Qd3 Qd7 25. Qb3 a5 26. g4 Qd2 27.
Bxe5 Ne4 28. Qb2 Qxb2 29. Bxb2 g6 30. Nh6+ Kf8 31. Bd4 Nd2 32. f4 Nxc4 33. Kf2
Nd6 34. Kf3 b5 35. e4 bxa4 36. Ke3 Nb5 37. Be5 a3 38. Kd3 a2 39. Kc2 Bc3 40.
Bxc3 Nxc3 41. Kb2 Nxe4 0-1

[Event "Torquay Paignton Bloodworth op"]
[Site "Torquay"]
[Date "2018.09.04"]
[Round "3"]
[White "Gamble, Raymond J"]
[Black "Hunt, Ray K"]
[Result "1-0"]
[WhiteElo "1784"]
[BlackElo "128"]
[PlyCount "53"]
[EventDate "2018.09.02"]
[EventType "swiss"]
[EventRounds "7"]
[EventCountry "ENG"]
[SourceTitle "BritBase"]
[Source "John Saunders"]
[SourceDate "2023.11.11"]
[SourceVersion "1"]
[SourceVersionDate "2023.11.11"]
[SourceQuality "1"]

1. d4 Nf6 2. Nf3 e6 3. e3 Be7 4. Bd3 d5 5. Nbd2 Nbd7 6. c3 a6 7. O-O c5 8. Re1
O-O 9. Qe2 b5 10. e4 dxe4 11. Nxe4 cxd4 12. Nxd4 Bb7 13. Nxf6+ Nxf6 14. Bc2 Qd5
15. f3 Rac8 16. Bb3 Rc4 17. Bxc4 bxc4 18. Be3 Qd7 19. Rad1 Qc8 20. Kh1 Bd5 21.
Bc1 Bd6 22. Qf2 Qb8 23. Qh4 h6 24. Bxh6 gxh6 25. Qxf6 Kh7 26. Nf5 Bf4 27. Qg7#
1-0

[Event "Paignton Morning Boniface op"]
[Site "Torquay"]
[Date "2018.09.05"]
[Round "3"]
[White "Gosling, Brian"]
[Black "Gamble, Raymond J"]
[Result "1-0"]
[WhiteElo "1786"]
[BlackElo "1876"]
[PlyCount "65"]
[EventDate "2018.09.03"]
[EventType "swiss"]
[EventRounds "5"]
[EventCountry "ENG"]
[SourceTitle "BritBase"]
[Source "John Saunders"]
[SourceDate "2023.11.11"]
[SourceVersion "1"]
[SourceVersionDate "2023.11.11"]
[SourceQuality "1"]

1. e4 e6 2. d3 d5 3. Nd2 Nf6 4. Ngf3 c5 5. g3 Nc6 6. Bg2 Be7 7. O-O Qc7 8. Qe2
b6 9. Re1 Bb7 10. c3 O-O-O 11. a3 h5 12. h4 dxe4 13. Nxe4 Nxe4 14. dxe4 e5 15.
Bh3+ Kb8 16. b4 f6 17. Be6 Bc8 18. Bd5 Bg4 19. Qe3 g5 20. Rb1 Bxf3 21. Qxf3
gxh4 22. gxh4 Qc8 23. Be3 cxb4 24. axb4 Kc7 25. Ra1 Qg4+ 26. Qxg4 hxg4 27. Bxc6
Kxc6 28. Rxa7 Bd6 29. Rb1 Bc7 30. b5+ Kd7 31. Bxb6 Rc8 32. Rd1+ Ke6 33. Rxc7
1-0

[Event "Torquay Paignton Bloodworth op"]
[Site "Torquay"]
[Date "2018.09.05"]
[Round "4"]
[White "Fierek, Eddie"]
[Black "Gamble, Raymond J"]
[Result "1/2-1/2"]
[WhiteElo "120"]
[BlackElo "1784"]
[PlyCount "34"]
[EventDate "2018.09.02"]
[EventType "swiss"]
[EventRounds "7"]
[EventCountry "ENG"]
[SourceTitle "BritBase"]
[Source "John Saunders"]
[SourceDate "2023.11.11"]
[SourceVersion "1"]
[SourceVersionDate "2023.11.11"]
[SourceQuality "1"]

1. e4 e6 2. d4 d5 3. exd5 exd5 4. Bd3 Nc6 5. Nf3 Bd6 6. Bg5 Nge7 7. c3 f6 8.
Bh4 Bf5 9. Qc2 Bxd3 10. Qxd3 Qd7 11. O-O O-O-O 12. Bg3 g5 13. Bxd6 Qxd6 14. Na3
Qf4 15. Qe3 Qxe3 16. fxe3 Rhf8 17. Nc2 h6 1/2-1/2

[Event "Paignton Morning Boniface op"]
[Site "Torquay"]
[Date "2018.09.06"]
[Round "4"]
[White "Burton, Ronnie"]
[Black "Gamble, Raymond J"]
[Result "1/2-1/2"]
[WhiteElo "1915"]
[BlackElo "1876"]
[PlyCount "21"]
[EventDate "2018.09.03"]
[EventType "swiss"]
[EventRounds "5"]
[EventCountry "ENG"]
[SourceTitle "BritBase"]
[Source "John Saunders"]
[SourceDate "2023.11.11"]
[SourceVersion "1"]
[SourceVersionDate "2023.11.11"]
[SourceQuality "1"]

1. d4 d5 2. Nf3 Nf6 3. e3 Bf5 4. c4 c6 5. Nc3 e6 6. Be2 h6 7. O-O Nbd7 8. a3
Be7 9. Bd3 Bxd3 10. Qxd3 O-O 11. Rb1 1/2-1/2

[Event "Torquay Paignton Bloodworth op"]
[Site "Torquay"]
[Date "2018.09.06"]
[Round "5"]
[White "Gamble, Raymond J"]
[Black "Greenaway, Terence V"]
[Result "1-0"]
[WhiteElo "1784"]
[BlackElo "127"]
[PlyCount "37"]
[EventDate "2018.09.02"]
[EventType "swiss"]
[EventRounds "7"]
[EventCountry "ENG"]
[SourceTitle "BritBase"]
[Source "John Saunders"]
[SourceDate "2023.11.11"]
[SourceVersion "1"]
[SourceVersionDate "2023.11.11"]
[SourceQuality "1"]

1. d4 Nf6 2. Nf3 b6 3. e3 e6 4. Bd3 Bb7 5. Nbd2 Be7 6. Qe2 a5 7. O-O Ba6 8. c4
d5 9. b3 Nc6 10. Bb2 Nb4 11. Bb1 Nc6 12. a3 O-O 13. e4 Nb8 14. Re1 Re8 15. Ne5
Bd6 16. Ng4 Be7 17. Nxf6+ gxf6 18. exd5 exd5 19. Qg4+ 1-0

[Event "Paignton Morning Boniface op"]
[Site "Torquay"]
[Date "2018.09.07"]
[Round "5"]
[White "Gamble, Raymond J"]
[Black "Siddall, Dave"]
[Result "1/2-1/2"]
[WhiteElo "1876"]
[BlackElo "1797"]
[PlyCount "42"]
[EventDate "2018.09.03"]
[EventType "swiss"]
[EventRounds "5"]
[EventCountry "ENG"]
[SourceTitle "BritBase"]
[Source "John Saunders"]
[SourceDate "2023.11.11"]
[SourceVersion "1"]
[SourceVersionDate "2023.11.11"]
[SourceQuality "1"]

1. d4 Nf6 2. Nf3 d5 3. e3 Bf5 4. Bd3 Bxd3 5. Qxd3 e6 6. Qb5+ Nbd7 7. Qxb7 Bd6
8. Qa6 O-O 9. Nbd2 Qe7 10. Qd3 c5 11. c3 e5 12. dxe5 Nxe5 13. Nxe5 Qxe5 14. Nf3
Qe4 15. Qxe4 dxe4 16. Nd2 Rfd8 17. O-O Rd7 18. Nc4 Rad8 19. b3 Bc7 20. Bb2 Ng4
21. h3 Ne5 1/2-1/2

[Event "Torquay Paignton Bloodworth op"]
[Site "Torquay"]
[Date "2018.09.07"]
[Round "6"]
[White "Brockes, Jeremy P"]
[Black "Gamble, Raymond J"]
[Result "1/2-1/2"]
[WhiteElo "135"]
[BlackElo "1784"]
[PlyCount "57"]
[EventDate "2018.09.02"]
[EventType "swiss"]
[EventRounds "7"]
[EventCountry "ENG"]
[SourceTitle "BritBase"]
[Source "John Saunders"]
[SourceDate "2023.11.11"]
[SourceVersion "1"]
[SourceVersionDate "2023.11.11"]
[SourceQuality "1"]

1. Nf3 Nf6 2. c4 b6 3. d4 e6 4. g3 Bb7 5. Bg2 Bb4+ 6. Bd2 Bxd2+ 7. Nbxd2 O-O 8.
Qc2 c5 9. dxc5 bxc5 10. O-O Nc6 11. a3 Qc7 12. e3 Rab8 13. Rfe1 Ne5 14. e4
Nxf3+ 15. Bxf3 e5 16. Nf1 Bc6 17. Ne3 Qb7 18. Rab1 Qb3 19. Qxb3 Rxb3 20. Bd1
Rb7 21. Nd5 Bxd5 22. exd5 d6 23. Bc2 Rfb8 24. b3 g6 25. f3 Kg7 26. Kg2 Nd7 27.
Re3 Nb6 28. Rf1 f5 29. h3 1/2-1/2

[Event "Torquay Paignton Bloodworth op"]
[Site "Torquay"]
[Date "2018.09.08"]
[Round "7"]
[White "Gamble, Raymond J"]
[Black "Halmkin, Peter E"]
[Result "1/2-1/2"]
[WhiteElo "1784"]
[BlackElo "147"]
[PlyCount "30"]
[EventDate "2018.09.02"]
[EventType "swiss"]
[EventRounds "7"]
[EventCountry "ENG"]
[SourceTitle "BritBase"]
[Source "John Saunders"]
[SourceDate "2023.11.11"]
[SourceVersion "1"]
[SourceVersionDate "2023.11.11"]
[SourceQuality "1"]

1. d4 f5 2. e4 fxe4 3. Nc3 Nf6 4. Bg5 c6 5. Bxf6 exf6 6. Nxe4 d5 7. Ng3 Bb4+ 8.
c3 Qe7+ 9. Be2 Bd6 10. Nf3 Bg4 11. O-O O-O 12. Re1 Qf7 13. Qc2 Bxf3 14. Bxf3
Bxg3 15. hxg3 Nd7 1/2-1/2

[Event "North Wales Major op 4th"]
[Site "Llandudno"]
[Date "2019.06.21"]
[Round "1"]
[White "Williams, Raymond"]
[Black "Gamble, Raymond J"]
[Result "1/2-1/2"]
[WhiteElo "1607"]
[BlackElo "1852"]
[PlyCount "92"]
[EventDate "2019.06.21"]
[EventType "swiss"]
[EventRounds "5"]
[EventCountry "WLS"]
[SourceTitle "BritBase"]
[Source "John Saunders"]
[SourceDate "2023.11.11"]
[SourceVersion "1"]
[SourceVersionDate "2023.11.11"]
[SourceQuality "1"]

1. e4 e6 2. d4 d5 3. Nd2 dxe4 4. Nxe4 Bd7 5. Nf3 Bc6 6. Bd3 Bxe4 7. Bxe4 c6 8.
O-O Nf6 9. Bd3 Bd6 10. c3 Nbd7 11. Re1 Qc7 12. Qe2 Bf4 13. Bxf4 Qxf4 14. h3
O-O-O 15. a4 Qc7 16. Ng5 Nf8 17. Qf3 h6 18. Ne4 Nxe4 19. Qxe4 Nd7 20. b4 Nf6
21. Qf3 Nd5 22. Bc4 Rhe8 23. b5 Nb6 24. Bb3 Re7 25. a5 Nd5 26. bxc6 bxc6 27.
Qd3 Kd7 28. Ba4 Ke8 29. Qc4 Kf8 30. Bxc6 Rc8 31. Bxd5 Qxc4 32. Bxc4 Rxc4 33.
Ra3 Rb7 34. Kf1 Rb2 35. Re3 Ke7 36. g3 Kd6 37. Rf3 f6 38. Re3 Rc6 39. Re2 Rb1+
40. Kg2 Kd5 41. Kf3 Kc4 42. Ke3 Rb3 43. Rxb3 Kxb3 44. Kd2 Ka4 45. Kd3 Kxa5 46.
Ra2+ Kb6 1/2-1/2

[Event "North Wales Major op 4th"]
[Site "Llandudno"]
[Date "2019.06.22"]
[Round "2"]
[White "Gamble, Raymond J"]
[Black "Hirst, Joe"]
[Result "1/2-1/2"]
[WhiteElo "1852"]
[BlackElo "1604"]
[PlyCount "47"]
[EventDate "2019.06.21"]
[EventType "swiss"]
[EventRounds "5"]
[EventCountry "WLS"]
[SourceTitle "BritBase"]
[Source "John Saunders"]
[SourceDate "2023.11.11"]
[SourceVersion "1"]
[SourceVersionDate "2023.11.11"]
[SourceQuality "1"]

1. d4 Nf6 2. Nf3 g6 3. Nbd2 Bg7 4. e4 d6 5. Bc4 O-O 6. O-O c6 7. c3 Nbd7 8. Re1
Qc7 9. Bb3 e5 10. Nc4 Ne8 11. Bg5 Nb6 12. dxe5 Nxc4 13. Bxc4 dxe5 14. Bb3 Nf6
15. h3 h6 16. Bxf6 Bxf6 17. Qd2 Kg7 18. Rad1 Rd8 19. Qe3 a5 20. Rxd8 Qxd8 21.
Rd1 Qe7 22. a4 Be6 23. Bxe6 Qxe6 24. Qb6 1/2-1/2

[Event "North Wales Major op 4th"]
[Site "Llandudno"]
[Date "2019.06.22"]
[Round "3"]
[White "Gamble, Raymond J"]
[Black "Parri, Deio"]
[Result "1/2-1/2"]
[WhiteElo "1852"]
[BlackElo "1651"]
[PlyCount "86"]
[EventDate "2019.06.21"]
[EventType "swiss"]
[EventRounds "5"]
[EventCountry "WLS"]
[SourceTitle "BritBase"]
[Source "John Saunders"]
[SourceDate "2023.11.11"]
[SourceVersion "1"]
[SourceVersionDate "2023.11.11"]
[SourceQuality "1"]

1. d4 d5 2. Nf3 Nf6 3. e3 e6 4. Bd3 Be7 5. Nbd2 O-O 6. O-O Nbd7 7. e4 dxe4 8.
Nxe4 Nxe4 9. Bxe4 Nf6 10. Bd3 b6 11. c3 Bb7 12. Qe2 h6 13. Bf4 Bd6 14. Bxd6
cxd6 15. Rfe1 Qd7 16. Rad1 a6 17. h3 b5 18. a3 Rac8 19. Nh2 Rfe8 20. Bb1 Qc6
21. f3 Qc7 22. Ng4 Qe7 23. Qd3 g6 24. Nxh6+ Kg7 25. Ng4 Nxg4 26. fxg4 Bd5 27.
Qg3 Rh8 28. Rd2 Rce8 29. Rf2 Bc4 30. Bd3 d5 31. Ref1 Ref8 32. Bxc4 bxc4 33. g5
Rh5 34. Qe5+ Kg8 35. Rf6 Rh4 36. R1f4 Rh7 37. h4 a5 38. g3 a4 39. Rf2 Ra8 40.
Qe2 Rf8 41. Qc2 Ra8 42. Rh2 Qc7 43. Qf2 e5 1/2-1/2

[Event "North Wales Major op 4th"]
[Site "Llandudno"]
[Date "2019.06.23"]
[Round "4"]
[White "Connor, Michael"]
[Black "Gamble, Raymond J"]
[Result "0-1"]
[WhiteElo "1639"]
[BlackElo "1852"]
[PlyCount "68"]
[EventDate "2019.06.21"]
[EventType "swiss"]
[EventRounds "5"]
[EventCountry "WLS"]
[SourceTitle "BritBase"]
[Source "John Saunders"]
[SourceDate "2023.11.11"]
[SourceVersion "1"]
[SourceVersionDate "2023.11.11"]
[SourceQuality "1"]

1. d4 e6 2. c4 Nf6 3. g3 d5 4. Bg2 Be7 5. Nf3 O-O 6. O-O Nbd7 7. Qc2 c6 8. Rd1
b6 9. b3 Bb7 10. Nc3 Rc8 11. Bb2 Qc7 12. Rac1 Qb8 13. h3 dxc4 14. bxc4 c5 15.
d5 exd5 16. cxd5 Rfe8 17. e4 a6 18. a4 Bd6 19. Ne2 Nxe4 20. Nh4 Nef6 21. f4 Qa8
22. Qc4 b5 23. axb5 axb5 24. Qd3 c4 25. Qd2 Bc5+ 26. Kh2 Be3 27. Qc3 Bxc1 28.
Nxc1 Nb6 29. Nf5 Nbxd5 30. Bxd5 Bxd5 31. Nxg7 Qa7 32. Rf1 Ne4 33. Qf3 Nd2 34.
Qxd5 Nxf1+ 0-1

[Event "North Wales Major op 4th"]
[Site "Llandudno"]
[Date "2019.06.23"]
[Round "5"]
[White "Gamble, Raymond J"]
[Black "Pinch, David"]
[Result "1/2-1/2"]
[WhiteElo "1852"]
[BlackElo "1673"]
[PlyCount "53"]
[EventDate "2019.06.21"]
[EventType "swiss"]
[EventRounds "5"]
[EventCountry "WLS"]
[SourceTitle "BritBase"]
[Source "John Saunders"]
[SourceDate "2023.11.11"]
[SourceVersion "1"]
[SourceVersionDate "2023.11.11"]
[SourceQuality "1"]

1. d4 d5 2. Nf3 c6 3. e3 Bf5 4. Bd3 Bg6 5. Ne5 Nd7 6. Nxg6 hxg6 7. e4 dxe4 8.
Bxe4 Ngf6 9. Bf3 e6 10. Bf4 Nh5 11. Bxh5 gxh5 12. Nc3 Nf6 13. Qd3 Bd6 14. Bxd6
Qxd6 15. O-O-O O-O-O 16. Qg3 Qxg3 17. hxg3 Ng4 18. Rd2 Rd7 19. Ne4 g6 20. c3 e5
21. f3 Ne3 22. dxe5 Rxd2 23. Kxd2 Nc4+ 24. Kc2 Nxe5 25. f4 Ng4 26. Nd6+ Kc7 27.
Nxf7 1/2-1/2

[Event "Royal Beacon Seniors"]
[Site "Exmouth"]
[Date "2019.11.06"]
[Round "3"]
[White "Gamble, Raymond J"]
[Black "Norman, Kenneth I"]
[Result "0-1"]
[WhiteElo "1865"]
[BlackElo "2105"]
[PlyCount "104"]
[EventDate "2019.11.04"]
[EventType "swiss"]
[EventRounds "5"]
[EventCountry "ENG"]
[SourceTitle "BritBase"]
[Source "John Saunders"]
[SourceDate "2023.12.02"]
[SourceVersion "1"]
[SourceVersionDate "2023.12.02"]
[SourceQuality "1"]

1. d4 Nf6 2. Nf3 g6 3. Nbd2 d5 4. e3 c5 5. c3 cxd4 6. exd4 Bg7 7. Bd3 O-O 8.
O-O Nc6 9. Re1 Re8 10. Ne5 Nxe5 11. dxe5 Nd7 12. Nf3 Nc5 13. Bb5 Rf8 14. h3 a6
15. Bf1 b5 16. Be3 Na4 17. Qd2 Bb7 18. b3 Nb6 19. Bh6 e6 20. Bxg7 Kxg7 21. Nd4
Qe7 22. f4 Rfc8 23. Re3 Nd7 24. Rae1 Nc5 25. Bd3 Ne4 26. Bxe4 dxe4 27. Qf2 Rc7
28. Rg3 Kh8 29. Rge3 Rd8 30. h4 b4 31. Ne2 Rd2 32. Qg3 bxc3 33. Nxc3 Rxc3 34.
Rxc3 e3 35. Rexe3 Rxg2+ 36. Qxg2 Bxg2 37. Kxg2 Qxh4 38. Kf3 Qh3+ 39. Ke4 Qg2+
40. Kd3 Qxa2 41. Re2 Qb1+ 42. Rec2 Qf1+ 43. Ke3 h5 44. Rc7 Kg7 45. R2c6 Qe1+
46. Kf3 h4 47. Rd6 Qg3+ 48. Ke4 Qxb3 49. Rdd7 Qb1+ 50. Ke3 Qf5 51. Ra7 h3 52.
Rd2 g5 {Source: Ken Norman, 2 December 2023} 0-1

[Event "GBR-ch108 Senior 65+"]
[Site "Torquay"]
[Date "2022.08.15"]
[Round "1.4"]
[White "Norman, Kenneth I"]
[Black "Gamble, Raymond J"]
[Result "1-0"]
[WhiteElo "2117"]
[BlackElo "1859"]
[PlyCount "53"]
[EventDate "2022.08.15"]
[EventType "swiss"]
[EventRounds "7"]
[EventCountry "GBR"]
[SourceTitle "BritBase"]
[Source "John Saunders"]
[SourceDate "2023.11.11"]
[SourceVersion "1"]
[SourceVersionDate "2023.11.11"]
[SourceQuality "1"]
[WhiteTeam "England"]
[BlackTeam "England"]
[WhiteTeamCountry "ENG"]
[BlackTeamCountry "ENG"]

1. Nf3 Nf6 2. c4 e6 3. g3 d5 4. Bg2 Be7 5. O-O O-O 6. d4 c6 7. Qc2 Nbd7 8. b3
Re8 9. Bb2 Ne4 10. Nbd2 f5 11. e3 Ndf6 12. Ne5 Nxd2 13. Qxd2 Ne4 14. Qc2 Bd6
15. Nd3 Qf6 16. f3 Ng5 17. e4 Qh6 18. e5 Be7 19. Bc1 Qh5 20. h4 h6 21. hxg5
hxg5 22. Kf2 Qg6 23. Qe2 b6 24. f4 Bb7 25. fxg5 Bxg5 26. Nf4 Bxf4 27. Bxf4 1-0